| 000 | 00376nam a22001337a 4500 | ||
|---|---|---|---|
| 022 | _a0-340-89474-1 | ||
| 082 |
_a823 _bBLY/F |
||
| 100 | _aBLYTON,ENID | ||
| 245 | _aTHE FAMOUS FIVE :FIVE ARE TOGETHER AGAIN | ||
| 246 |
_aTHE FAMOUS FIVE :FIVE ARE TOGETHER AGAIN _bTHE FAMOUS FIVE :FIVE ARE TOGETHER AGAIN |
||
| 260 |
_aU K _bHODDER CHILDREN _c2005 |
||
| 300 | _a218 | ||
| 942 | _cBK | ||
| 999 |
_c8483 _d8483 |
||